| 000 | 00363nam a2200133Ia 4500 | ||
|---|---|---|---|
| 008 | 240624s9999 xx 000 0 und d | ||
| 041 | _aeng | ||
| 082 | _a381.45 CHA | ||
| 100 | _aCHANDLER STEPHANIE | ||
| 245 | _aFROM ENTREPRENEUR TO INFOPRENEUR MAKE MO | ||
| 260 |
_c2007 _aNew Jersey _bJohn Wiley and Sons |
||
| 300 | _axii, : 227 : p. : cm. ; 23 | ||
| 365 |
_c _b28 |
||
| 999 |
_c7371 _d7371 |
||